| 000 | 00473nam a2200181Ia 4500 | ||
|---|---|---|---|
| 008 | 240925s9999 xx 000 0 und d | ||
| 020 | _a9789352866069 | ||
| 082 | _a658.30019 CAS | ||
| 100 | _aCascio F. Wayne | ||
| 245 | 0 | _aApplied Psychology in Human Resource Management | |
| 250 | _a7th | ||
| 260 |
_aIndia: _bPearson Education _c,2018. |
||
| 300 |
_a390p. _b0 _fOriginal |
||
| 500 | _aIncludes Index | ||
| 600 | _aManagement | ||
| 650 | _aManagement | ||
| 942 | _cBK | ||
| 999 |
_c17046 _d17046 |
||